The inter american press association: its figth for freedom of the press, 1926-1960
Сохранить в:
| Главный автор: | |
|---|---|
| Формат: | |
| Язык: | английский |
| Опубликовано: |
Austin
The University of Texas Press
1967
|
| Серии: | Latin American Monographs, 6
|
| Предметы: | |
| Метки: |
Добавить метку
Нет меток, Требуется 1-ая метка записи!
|
MARC
| LEADER | 00000nam a2200000 a 4500 | ||
|---|---|---|---|
| 001 | UCZ1872 | ||
| 003 | CL-VaPUC | ||
| 008 | 950914e19670000US |||||||||||||||||eng|d | ||
| 082 | 0 | 4 | |a 323.445 |b GAR |2 21 |
| 100 | 0 | |a Gardner, Mary A |e author |9 345561 | |
| 245 | 1 | 4 | |a The inter american press association: its figth for freedom of the press, 1926-1960 |
| 300 | |a 217 p | ||
| 942 | |c BK | ||
| 945 | |d 19950914 00:00:00 |a rbrito | ||
| 260 | |a Austin |b The University of Texas Press |c 1967 | ||
| 650 | 0 | |a Libertad de prensa |9 255610 | |
| 650 | 0 | |a Periodismo |9 310113 | |
| 650 | 0 | |a Congresos |9 257560 | |
| 650 | 0 | |a Ética periodística |9 257096 | |
| 583 | |a last modification |c 19950914 00:00:00 |k Rodrigo Vera | ||
| 490 | 0 | |a Latin American Monographs, 6 | |
| 999 | |c 238552 |d 238550 | ||
| 952 | |0 0 |1 0 |4 0 |6 323_445000000000000_GAR_1967 |7 0 |8 A |9 248803 |a BIBCUR |b BIBCUR |d 2019-11-18 |i 3132285 |o 323.445 GAR 1967 |p 3132285 |r 2025-04-22 |w 2019-11-18 |y BK |k PER | ||